Informes de los grupos de trabajo n° 1-5 del Seminario Costarricense "Hacia un Sector de Economía Laboral en Costa Rica"(martes, 08 de marzo de 1977)
El documento consiste en informes de los grupos de trabajo número 1 al 5 del Seminario Costarricense "Hacia un Sector de economía laboral en Costa Rica" de 1977, en el que se abordan temas acerca de los movimientos sindicales en la dirección del SEL, las representaciones de los obreros y c...
Salvato in:
| Enti autori: | , |
|---|---|
| Natura: | Atti del Convegno |
| Lingua: | Spanish |
| Pubblicazione: |
San José :
CCTD. CEDAL
|
| Soggetti: | |
| Tags: |
Aggiungi Tag
Nessun Tag, puoi essere il primo ad aggiungerne!!
|
MARC
| LEADER | 00000 a a2200000 04500 | ||
|---|---|---|---|
| 001 | 16795 | ||
| 003 | cru IIS | ||
| 005 | 20220809090104.0 | ||
| 008 | 220801b |||||||| |||| 00| 0 spa d | ||
| 040 | |c cru IIS | ||
| 090 | |a 13.01.01 S471in | ||
| 110 | |a Confederación Costarricense de Trabajadores Democráticos (CCTD) | ||
| 111 | |a Seminario Costarricense "Hacia un sector de economía laboral en Costa Rica" (7 al 11 de marzo de 1977) | ||
| 245 | |a Informes de los grupos de trabajo n° 1-5 del Seminario Costarricense "Hacia un Sector de Economía Laboral en Costa Rica"(martes, 08 de marzo de 1977) | ||
| 260 | |a San José : |b CCTD. CEDAL | ||
| 300 | |a 10 páginas | ||
| 500 | |a DOC C1-7 | ||
| 520 | |a El documento consiste en informes de los grupos de trabajo número 1 al 5 del Seminario Costarricense "Hacia un Sector de economía laboral en Costa Rica" de 1977, en el que se abordan temas acerca de los movimientos sindicales en la dirección del SEL, las representaciones de los obreros y campesinos, participación efectiva de los sindicatos en el SEL, así como diversos aspectos del manejo del SEL. | ||
| 650 | 0 | |a CONDICIONES DE TRABAJO |9 1481 | |
| 650 | 0 | |a SINDICATOS |9 7 | |
| 650 | 0 | |a INDEMNIZACION POR CESANTIA |9 6617 | |
| 650 | 0 | |a POLÍTICA SALARIAL |9 2465 | |
| 650 | 0 | |a ESTABILIDAD LABORAL |9 5595 | |
| 651 | 0 | |9 32 |a COSTA RICA | |
| 942 | |2 ddc |c LI | ||
| 999 | |c 1054 |d 1054 | ||
